[Event "Sarajevo Bosnia 33rd"]
[Site "Sarajevo"]
[Date "2003.05.24"]
[Round "6"]
[White "Radjabov, Teimour"]
[Black "Dizdarevic, Emir"]
[Result "1-0"]
[WhiteElo "2644"]
[BlackElo "2491"]
[Annotator "Lutz,C"]
[PlyCount "63"]
[EventDate "2003.05.18"]
[EventType "tourn"]
[EventRounds "9"]
[EventCountry "BIH"]
[EventCategory "16"]
[SourceTitle "CBM 096"]
[Source "ChessBase"]
[SourceDate "2003.09.25"]
[SourceVersion "1"]
[SourceVersionDate "2003.09.25"]
[SourceQuality "1"]

1. d4 d5 2. c4 c6 3. Nc3 Nf6 4. e3 e6 5. Nf3 Nbd7 6. Qc2 Bd6 7. g4 Nxg4 8. Rg1
Nh6 {Mir erscheint dieses Abspiel genau die Art, wie man NICHT mit Schwarz
gegen den 7.g4 spielen sollte. Gerade in der Anfangszeit des Shabalov-Angriffs
konnten die Weißspieler hier einige überzeugende Angriffssiege landen. Die
offene g-Linie und die schnelle weiße Entwicklung gestalten (zumindest in der
Praxis) das schwarze Spiel schwierig.} 9. Bd2 (9. e4 dxe4 10. Nxe4 Bb4+ 11. Bd2
Bxd2+ 12. Qxd2 Nf5 13. O-O-O Nf6 14. Bd3 O-O 15. Rg2 Nxe4 16. Bxe4 Qf6 17. Ne5
Rd8 18. Ng4 Qe7 19. Bxf5 exf5 20. Nh6+ Kh8 21. Rxg7 Kxg7 22. Rg1+ Kh8 23. Qe2 {
1-0 Krasenkow,M-Sveshnikov,E/Moscow 1992/EXT 97 (23)}) 9... Nf8 (9... Nf5 10.
e4 (10. cxd5 $6 cxd5 11. Nb5 $6 Nf6 12. Nxd6+ Qxd6 13. Rc1 Bd7 14. Qc7 O-O $15
{1-0 Hodgson,J-Blatny,P/Pardubice 1993/CBM 37/[Blatny,P] (39)}) (10. Bd3 $5 {
Blatny,P} g6 11. e4 $44) 10... dxe4 11. Nxe4 Be7 12. O-O-O Nf6 13. Bd3 g6 14.
Bc3 O-O 15. h4 Qc7 16. Ne5 Nxh4 17. Ng5 Nf5 18. f4 b5 19. Qh2 b4 20. Bxf5 exf5
21. Nxh7 Ng4 22. Nxg4 fxg4 23. Rh1 g3 24. Qh6 bxc3 25. Nf6+ {1-0 Shirov,
A-Dreev,A/Moscow 1993/EXT 97 (25)}) (9... Qe7 10. e4 dxe4 11. Nxe4 Nf5 12.
O-O-O Nf6 13. Nxf6+ Qxf6 14. Bg5 Qg6 15. c5 Bc7 16. Ne5 Qh5 17. h4 Bd8 18. Qe4
O-O 19. Be2 Bxg5+ 20. hxg5 Qh4 21. f4 Rd8 22. Rh1 Ng3 23. Rxh4 Nxe4 24. Bd3 Ng3
25. Rxh7 Ne2+ 26. Kb1 Nxd4 27. g6 fxg6 28. Bxg6 Rd5 29. Rdh1 Kf8 30. Rh8+ Ke7
31. Re8+ {1-0 Shirov,A-Bangiev,A/Germany 1993/EXT 97-B (31)}) 10. e4 dxe4 11.
Nxe4 Nf5 12. Nxd6+ Qxd6 13. O-O-O Ng6 14. h4 $16 {Zum Preise nur eines kleinen
Bauerns hat Weiß Entwicklungsvorsprung und gewaltigen Angriff.} Nge7 15. Bd3 f6
16. h5 Kf7 17. Rg4 {Weiß richtet sein Spiel auf den Bauern g7.} b5 18. Bf4 Qb4
19. Rdg1 bxc4 20. Bxc4 Rg8 21. a3 Qb6 22. Nh4 Nd5 23. Nxf5 $1 {In Verbindung
mit den nächsten beiden Zügen sehr stark gespielt. Der Rg4 schwenkt auf einmal
zum Damenflügel.} exf5 24. R4g3 $1 a5 {Um der Dame ein Rückzugsfeld zu sichern.
} (24... Be6 25. Rb3 Qxd4 26. Rb7+ {ist wenig erfreulich.}) 25. Rb3 Qa7 26.
Bxd5+ cxd5 27. Qc6 Qa6 (27... Rd8 28. Rb6 $1 {mit den Drohungen h5-h6 oder
Rxg7+}) 28. Qxd5+ Be6 29. Rb7+ Ke8 30. Re1 Rc8+ 31. Kd2 Rc6 32. Qd7+ 1-0

[Event "Sarajevo Bosnia 33rd"]
[Site "Sarajevo"]
[Date "2003.05.25"]
[Round "7"]
[White "Kurajica, Bojan"]
[Black "Radjabov, Teimour"]
[Result "1/2-1/2"]
[WhiteElo "2551"]
[BlackElo "2644"]
[PlyCount "38"]
[EventDate "2003.05.18"]
[EventType "tourn"]
[EventRounds "9"]
[EventCountry "BIH"]
[EventCategory "16"]
[SourceTitle "CBM 096"]
[Source "ChessBase"]
[SourceDate "2003.09.25"]
[SourceVersion "1"]
[SourceVersionDate "2003.09.25"]
[SourceQuality "1"]

1. d4 g6 2. Nf3 Bg7 3. g3 c5 4. c3 Qa5 5. Bd2 Nf6 6. Bg2 O-O 7. O-O d6 8. Re1
Nc6 9. e3 Qb6 10. Bc1 d5 11. b3 Ne4 12. Bb2 Rd8 13. Nbd2 f5 14. Qe2 cxd4 15.
cxd4 Bd7 16. Rec1 Rac8 17. Bf1 a6 18. Qd1 h6 19. Ne1 Nb4 1/2-1/2

[Event "Sarajevo Bosnia 33rd"]
[Site "Sarajevo"]
[Date "2003.05.26"]
[Round "8"]
[White "Radjabov, Teimour"]
[Black "Shirov, Alexei"]
[Result "0-1"]
[WhiteElo "2644"]
[BlackElo "2735"]
[Annotator "Lutz,C"]
[PlyCount "102"]
[EventDate "2003.05.18"]
[EventType "tourn"]
[EventRounds "9"]
[EventCountry "BIH"]
[EventCategory "16"]
[SourceTitle "CBM 096"]
[Source "ChessBase"]
[SourceDate "2003.09.25"]
[SourceVersion "1"]
[SourceVersionDate "2003.09.25"]
[SourceQuality "1"]

1. d4 d5 2. c4 c6 3. Nc3 Nf6 4. e3 e6 5. Nf3 Nbd7 6. Bd3 dxc4 7. Bxc4 b5 8. Bd3
Bb7 9. e4 b4 10. Na4 c5 11. e5 Nd5 12. Nxc5 Nxc5 13. dxc5 Bxc5 14. O-O h6 15.
Nd2 O-O 16. Ne4 Bd4 (16... Be7 $6 17. Qg4 $40) 17. Nd6 Bc6 (17... Bxe5 $6 18.
Nxb7 Qb6 (18... Qb6) 19. Qh5 Bf4 20. Nc5 Qxc5 21. Bxf4 Qd4 22. Bd6 Qxd3 23.
Bxf8 Rxf8 24. Qe5 $14 {1-0 Bareev,E-Shirov,A/Linares 1994/CBM 40/[Anand] (40)
führt zu einer Stellung, in der die Frage nur lauten kann: Gewinnt Weiß oder
hält Schwarz remis ?}) 18. Bh7+ (18. Qe2 f5 (18... Qh4 19. Re1 Nf4 20. Bxf4
Qxf4 21. Rac1 Bd5 22. Bc4 $36 {1-0 Gagarin,V-Stripunsky,A/Briansk 1995/EXT 98 
(39)}) 19. Rd1 Qh4 $1 {Kortschnojs Verbesserungsvorschlag gegenüber 13...Qe7?!}
(19... Qe7 $6 20. Ba6 Bc5 21. Bd2 Ba4 22. b3 Bd7 23. Bb7 Rab8 24. Bxd5 exd5 25.
Qf3 $16 {Kortschnoj,V-Gurevich,M/Antwerpen (09) ; CBM 37 1993}) 20. a3 (20. Bc4
$2 Bb6 21. Bd2 $6 f4 22. Qf3 Ne7 $40 {0-1 Volzhin,A-Rasmussen,K/Gistrup 1996/
CBM 55/[Lutz] (34)}) 20... a5 21. Bb5 $10 {Kortschnoj}) 18... Kxh7 19. Qxd4 {
Der Stolz der weißen Stellung ist der Nd6. Daher versucht Schwarz schnellstens,
diesen mit ...f7-f6 zu entwurzeln. M.E. kann Weiß in dieser Stellung nicht
wirklich mit Vorteil rechnen.} f6 (19... Qb6 $5 20. Qd3+ Kg8 21. Be3 Nxe3 22.
fxe3 Rad8 23. Rad1 Bb5 24. Qxb5 Rxd6 25. Qxb6 Rxb6 26. Rd7 Ra6 $11 {1/2-1/2
Milov,V-Huzman,A/Panormo 2002/CBM 90 ext (67)}) 20. Bd2 (20. a3 fxe5 21. Qe4+
Kg8 22. Qxe5 Qf6 {1/2-1/2 Bareev,E-Kramnik,V/Dortmund 1995/CBM 48 (22)}) 20...
fxe5 {Schwarz hat zwar nun einen isolierten Pe6, aber dank seiner aktiven
Figuren hat er genügend Gegenspiel.} 21. Qe4+ {Mit diesem Zwischenschach soll
der schwarze König nach g8 gelockt werden, damit dann später der Pe6 mit
Schach hängt.} (21. Qxe5 {1/2-1/2 Milov,V-Smirnov,P/Istanbul 2003/CBM 96/[Lutz]
(69)}) 21... Kg8 22. Qxe5 Qd7 23. Rfe1 {Vielleicht ist dieser Zug nicht der
richtige. Es sieht zwar natürlich aus, den Pe6 anzugreifen, aber auch der Pf2
ist schwach.} (23. Rac1 $5 Rad8 24. Nc4 Bb5 25. b3 a5 26. Rfe1 Rf6 27. Qg3 Ne7
28. Bf4 Rg6 29. Qh3 Nd5 30. Be5 Rg5 31. Bg3 Rf5 32. Nd6 Nc3 33. Nxf5 exf5 34.
Kh1 Ne2 35. Ra1 f4 36. Qxd7 Rxd7 37. a4 Ba6 38. Bh4 g5 39. Rad1 Rd4 40. Rxd4
Nxd4 41. Re8+ Kf7 42. Ra8 Be2 43. Rxa5 Ke6 44. Ra8 gxh4 45. a5 h3 46. Rh8 f3
47. Rxh6+ Kf5 48. g4+ Kxg4 49. Kg1 Nxb3 50. a6 Bxa6 51. Rxa6 Nc1 52. Rc6 Ne2+
53. Kf1 b3 54. Ke1 Kf5 55. Kd2 Ke4 56. Rc4+ Kf5 57. Rb4 Nf4 58. Rxb3 Ng2 {
1-0 Vaganian,R-Klimov,S/Togliatti 2003/CBM 94 ext (58)}) 23... Rad8 24. Nc4 (
24. Ne4 $5 {0-1 Milov,V-Nielsen,P/Istanbul 2003/CBM 96/[Lutz] (37)}) (24. Qxe6+
Qxe6 25. Rxe6 Nc7 (25... Nf4 26. Bxf4 Rxf4 27. f3 Bd5 28. Re8+ Rxe8 29. Nxe8
Rc4 $44 {Kasimdzhanov,R}) 26. Rg6 (26. Re7 Na6 $1) 26... Kh7 27. Rg4 Rxd6 28.
Bxb4 Rfd8 29. Bxd6 Rxd6 $132 {Kasimdzhanov,R}) 24... Nb6 25. Nxb6 Qxd2 26.
Qxe6+ Kh8 27. Qxc6 Qxf2+ 28. Kh1 axb6 29. b3 $6 (29. h3 $1 Qxb2 30. Qxb6 Rd2
31. Rab1 $11 {Kasimdzhanov,R}) 29... Rd2 30. Re8 $2 (30. Rg1 $1 {Wie Rustam
Kasimdzhanov in SCHACH 7/2003 ausführt, hält dieser Zug trotz der schwarzen
Aktivität immer noch das Gleichgewicht.}) 30... Rxa2 31. Rc1 Re2 32. Rxf8+ Qxf8
33. Qxb6 Qf4 $36 34. Qd8+ Kh7 35. Qd3+ Qe4 36. Qxe4+ Rxe4 37. h3 $2 {Danach
wird das Turmendspiel sehr schwierig für Weiß, da das Feld g3 geschwächt wird.}
(37. Kg1 Re3 38. Rc6 Rxb3 39. Rb6 $15 {Kasimdzhanov,R}) 37... Re3 38. Rc6 Rxb3
39. Rb6 g5 40. Rb7+ Kg6 41. Rb6+ Kg7 42. Rb7+ Kf6 43. Rb6+ Ke5 44. Rxh6 Rd3 45.
Rb6 b3 46. Rb4 Kd5 47. Kg1 Kc5 48. Rb8 Kc4 49. Kf2 Kc3 50. Ke2 Rd2+ 51. Kf3 Rd4
0-1

[Event "Enghien les Bains"]
[Site "Enghien les Bains"]
[Date "2003.06.15"]
[Round "3"]
[White "Gelfand, Boris"]
[Black "Radjabov, Teimour"]
[Result "0-1"]
[WhiteElo "2700"]
[BlackElo "2644"]
[Annotator "Radjabov,T"]
[PlyCount "74"]
[EventDate "2003.06.13"]
[EventType "tourn"]
[EventRounds "9"]
[EventCountry "FRA"]
[EventCategory "17"]
[SourceTitle "CBM 096"]
[Source "ChessBase"]
[SourceDate "2003.09.25"]
[SourceVersion "1"]
[SourceVersionDate "2003.09.25"]
[SourceQuality "1"]

1. e4 {Postny} c5 2. Nf3 Nc6 3. Bb5 g6 4. O-O Bg7 5. Re1 e5 $5 {Sometimes
after this move black transfers to the main lines.} 6. Bxc6 dxc6 7. d3 Qe7 $5 {
[%csl Gc5]} 8. Nbd2 Nf6 9. Nc4 Nd7 10. Bd2 {[%cal Ga2a3,Gb2b4,Gd2c3]} (10. c3 {
Postny} O-O 11. a4 Rd8 12. a5 Nf8 13. b3 Rb8 14. h3 Qc7 15. Qc2 Ne6 16. Be3 b5
17. Ncd2 Qd6 18. Rad1 Qxd3 19. Qc1 Qd6 20. Nc4 Qc7 21. Rxd8+ Nxd8 22. Ncxe5 $1
$36 {1-0 Campora,D-Estremera Panos,S/Santiago 1995/EXT 98 (32)}) (10. Bg5 {
Postny} f6 11. Be3 Nf8 12. a3 Bg4 13. b4 Ne6 14. bxc5 Nxc5 15. Na5 Ne6 16. Qb1
Nd8 17. Nd2 O-O 18. d4 exd4 19. Bxd4 b6 20. Nac4 Be6 $11 {1/2-1/2 Movsesian,
S-Babula,V/Olomouc 1997/CBM 61 (42)}) 10... O-O ({Probably more accurate is} 
10... b6 {Postny} 11. a4 (11. a3 a5) 11... O-O 12. Qc1 Re8 13. Rb1 Nf8 14. Bc3
f6 15. b4 Be6 16. Ne3 Bf7 17. bxc5 bxc5 18. Bb2 Ne6 $11 {1/2-1/2 Adams,M-Leko,
P/Bled 2002/EXT 2003 (23)}) 11. a3 b6 $5 {Now black develops in a right way.
As white has nothing to prevent Ba6.} (11... Rd8 {Postny} 12. b4 b6 13. Qc1 $14
{- see the game Speelman,J-David,A/Mondariz 2000/CBM 79 [Finkel]}) 12. Bc3 {
'?!' Postny.} ({More to the point is} 12. b4 {Postny} Ba6 13. Bc3 Rfd8 14. Nfd2
Qe6 15. Qe2 Bf8 16. Rf1 b5 17. Ne3 Bd6 18. Nf3 Qe7 19. Rab1 Bc8 20. Qd2 f6 21.
Ng4 Nf8 22. Nh6+ Kh8 23. bxc5 Bc7 24. a4 $14 {1-0 Torre,E-Timman,J/Moscow 1981/
MCL (73)}) 12... a5 {[%csl Ga5,Ga8,Rb4][%cal Gc8a6] '=' Postny. Postny:
'Preventing the b2-b4 advance. It's interesting that from now on until the end
of the game Gelfand fails to find any good plan!'} (12... Ba6 $5 $13 {Was
worth considering.}) 13. a4 {[%csl Ra5,Rb6,Rc5]} Ba6 {[%csl Rc4] Now there is
no b4. So white lost targets for a while.  Now black can think about playing
on the king-side sometimes.} 14. b3 ({Since the position is closed, comes into
consideration} 14. Ne3 {(Postny) to keep the knight out of the exchange.})
14... Bxc4 15. bxc4 {[%csl Rb6]} Qd6 $5 {Rae8 and f5 comes soon and white
should think about counter-play.} 16. Rb1 (16. Nd2 $6 f5 $11) ({Deserved
attention} 16. Ng5 {(Postny) with the idea to transfer the knight to h3 and
prepare f2-f4 (possibly with g2-g3 first).}) 16... Rae8 17. g3 {With idea :
Kg2-h4-h5-Rh1.} Qe6 {[%cal Ge6h3,Gf7f5] Trying to play f5 somewhere. I was not
sure with the moment, so I tried to provoke some weaknesses.} 18. Kg2 {[%cal
Gh2h4,Gh4h5]} Re7 $5 {[%cal Ge7f7,Rf7f5] Interesting decision, now black will
play f5. And white should decide what to do against it.} 19. h4 $6 {'?' Postny.
I think it is dubious. At least for now. White should have played something
like Nd2-f3 followed by defencive play. Postny: 'The purpose of this move is
not quite clear, while it creates a weaknesses near the white king and loses
an important tempo.'} (19. Nd2 f5 20. exf5 (20. f3 f4 $15 {And it is only
Black who is playing for something as queen-side is totally untouchable.})
20... gxf5 21. Bxe5 Bxe5 (21... Nxe5 $1 {But probably this is interesting.} 22.
f4 Ng4 23. Rxe6 Rxe6 24. Nf1 Rfe8 25. Kf3 Bd4 26. c3 Bxc3 27. h3 h5 $1 28. hxg4
hxg4+ 29. Kg2 Re2+ 30. Kh1 Kf7 $19) 22. f4 Qg6 (22... Qf6 23. fxe5 Rxe5 24. Qh5
$14) 23. fxe5 $14) ({Possible was} 19. Ng5 {Postny} Qd6 20. Nh3) 19... f5 $1 {
Postny: 'Now black grabs the initiative.'} 20. Qe2 $6 (20. h5 $1 {This was
better than the text.} Qf6 $1 (20... f4 $6 21. hxg6 hxg6 22. Ng5 Qf6 23. gxf4
Qxf4 $6 (23... Bh6 $5 24. Qg4 Bxg5 25. Qxg5 Qxf4 26. Qxf4 Rxf4 27. Bd2 Rh4 28.
Rh1 Rxh1 29. Rxh1 $14) 24. Nh3 Qh4 25. Re3 Bh6 26. Rg3 Kh7 27. Qe2 Ref7 28. Rh1
$14) (20... fxe4 $2 21. Ng5 $1 $16) 21. hxg6 hxg6 {And I think that black's
chances are slightly better.}) 20... f4 $5 {Now black is able to attack with
Ref7. White has nothing to do than to move pieces around the king.} 21. Ng5 Qd6
$1 22. Rh1 $6 {'?' Postny. Postny: 'It certainly was not the best day for
Boris Gelfand.'} (22. g4 {Postny} h6 23. Nf3 Qe6 24. g5 Qg4+ (24... hxg5 25.
Nxg5 f3+ 26. Qxf3) 25. Kh2 hxg5 26. Rg1) 22... h6 $1 23. Nf3 Qe6 {[%cal Ge6g4]
Now it is very hard to defend with white. No targets. Only defence. Postny:
'Now it's already hard to resist black's attack.'} 24. Rh3 {'?!' Postny.
Postny: 'Very awkward move.'} (24. h5 $1 g5 (24... gxh5 $5 25. Rxh5 Ref7 26.
Rf1 Rf6 $15) 25. Nh2 Ref7 26. Qg4 Qd6 $15) (24. Rbf1 {Postny} Ref7 $17) 24...
Ref7 25. Re1 $6 {'?' Postny. Postny: 'Another unsound move. What is the rook
doing on e1?!'} (25. Kh2 Qg4 (25... Rf6 $5 {[%cal Ge6f7]} 26. gxf4 Rxf4 27. Bd2
R4f6 $15) 26. gxf4 Rxf4 27. Rg1 Qh5 28. Rgg3 R8f7 29. Bd2 Rg4 30. Kg2 Nf8 $15)
({Necessary was} 25. Rf1 {Postny}) 25... Nf6 $3 {A super-strong move. Probably
Gelfand overlooked this move.} 26. gxf4 (26. Bxe5 fxg3 $1 27. fxg3 (27. Bxf6
gxf2 $1 28. Qxf2 Bxf6 29. Qg1 Bxh4 30. Rxh4 (30. Nxh4 Rf2+ 31. Kg3 (31. Qxf2
Rxf2+ 32. Kxf2 Qxh3 $19) 31... Qe5+ 32. Kg4 h5#) (30. Re3 g5 $1 $19) 30... Rxf3
$19) 27... Nh5 28. Bxg7 Qg4 $1 29. Nh2 Rf2+ 30. Qxf2 Rxf2+ 31. Kxf2 Qxh3 $19) (
26. Nxe5 Nd7 $5 27. Nxf7 Bxc3 28. Nxh6+ Kh7 29. Qg4 Qxg4 30. Nxg4 Bxe1 $17)
26... Nh5 $1 27. Bd2 Rxf4 $1 28. Ng1 Bf6 $6 $17 (28... Rxf2+ $1 29. Qxf2 Qg4+
30. Kf1 Ng3+ $1 $19 (30... Rxf2+ $5 {I counted this variation but somehow I
missed that rook is on e1 and that I am winning very very easily here.} 31.
Kxf2 Bf6 $19)) 29. Kh1 Bxh4 30. Bxf4 Nxf4 31. Rxh4 (31. Qf1 Bxf2 32. Rxh6 Bxe1
33. Qxe1 Qg4 $19) 31... Nxe2 32. Rxe2 Kg7 $5 33. Rh2 Qd7 $1 {[%cal Gb6b5,Ga5a1]
} 34. Re3 b5 35. cxb5 cxb5 36. axb5 Qxb5 37. c4 Qb1 $19 0-1

[Event "Enghien les Bains"]
[Site "Enghien les Bains"]
[Date "2003.06.16"]
[Round "4"]
[White "Bareev, Evgeny"]
[Black "Radjabov, Teimour"]
[Result "1-0"]
[WhiteElo "2734"]
[BlackElo "2644"]
[Annotator "Tsesarsky,I"]
[PlyCount "123"]
[EventDate "2003.06.13"]
[EventType "tourn"]
[EventRounds "9"]
[EventCountry "FRA"]
[EventCategory "17"]
[SourceTitle "CBM 096"]
[Source "ChessBase"]
[SourceDate "2003.09.25"]
[SourceVersion "1"]
[SourceVersionDate "2003.09.25"]
[SourceQuality "1"]

1. d4 Nf6 2. c4 g6 3. Nc3 Bg7 4. e4 d6 5. Nf3 O-O 6. Be2 e5 7. O-O Nc6 8. d5
Ne7 9. b4 Nh5 10. Re1 f5 11. Ng5 Nf6 12. Bf3 c6 13. Bb2 h6 14. Ne6 Bxe6 15.
dxe6 {[%csl Re6] This variation's main idea is to capture the weak Pe6. White
suppose to recieve counterplay meantime.} fxe4 (15... Kh7 16. b5 fxe4 17. Bxe4
d5 18. Ba3 Nxe4 19. Nxe4 dxe4 20. Qxd8 Rfxd8 21. Bxe7 Re8 22. Bb4 Rxe6 {
1/2-1/2 Babula,V-Shulman,Y/CZE 1997/EXT 99 (37)}) 16. Bxe4 $2 $17 ({Better is} 
16. Nxe4 Nxe4 17. Bxe4 $6 $15 (17. Rxe4 $5 Nf5 (17... d5 18. cxd5 (18. Rxe5
Bxe5 19. Bxe5 dxc4 20. Qc1 Kh7 21. Qxc4 Rxf3 22. gxf3 Qd5 23. Qxd5 Nxd5 $11 {
1/2-1/2 Flament,F-Acher,M/Hyeres 2002/EXT 2003 (30)}) 18... cxd5 19. Rxe5 Bxe5
20. Bxe5 Qb6 21. Qd2 Kh7 (21... Qxe6 22. Re1 Rxf3 23. gxf3 Nf5 24. Bg3 $132 {
1/2-1/2 Kallai,G-Barbero,G/Bern 1997/EXT 99 (29)}) 22. Re1 a5 23. bxa5 Rxa5 24.
Bd4 Qa6 25. Qb4 Re8 26. Be2 Ra4 27. Qb3 Qa8 28. Bc5 $2 $17 {0-1 Szeberenyi,
A-Radjabov,T/Budapest 2000/CBM 79 ext (36)} (28. Bb2 Rxa2 29. Qc3 Rg8 30. Rc1
$44)) 18. b5 (18. Re2 Qe7 19. b5 Nh4 20. Be4 Rac8 21. bxc6 bxc6 22. Rd2 Rf4 23.
f3 Rcf8 24. Kh1 (24. Rxd6 $18) 24... Nf5 25. Qe2 Qxe6 26. g3 Rxe4 27. Qxe4 Rc8
28. f4 $16 {1/2-1/2 Berezin,O-Vajda,L/Bucharest 1998/EXT 99 (44)}) 18... Rc8
19. Re2 {-see commented game 1/2-1/2 Dautov,R-Kindermann,S/Nussloch 1996/CBM
53 [Dautov,R](24)}) 17... d5 $1 (17... Nf5 18. b5 Qe8 19. Re2 (19. bxc6 bxc6
20. Bxf5 Rxf5 21. Qxd6 Rd8 22. Qc7 $16) 19... Rc8 20. Qa4 Qxe6 21. bxc6 bxc6
22. Bxc6 Kh7 23. Bd5 {-see commented game 1-0 Ionov,S-Cvitan,O/Budapest 1996/
CBM 56[Huzman,A, Dautov,R] (53)}) (17... Rf6 18. b5 Rxe6 19. Qb3 Kh8 20. Rad1
Qc7 $132 {1-0 Wunnink,M-De Haas,P/Wijk aan Zee 2001/CBM 80 ext (46)}) 18. cxd5
cxd5 19. Bc2 Qb6 20. Qd2 e4 21. Bxg7 Kxg7 22. Bb3 Rf5 $15 {1/2-1/2 Peek,
M-David,A/Amsterdam 2000/CBM 77 ext (33)}) 16... d5 $1 (16... Nxe4 17. Nxe4 Nf5
18. Qg4 Kh7 (18... Qe8 19. e7 Qxe7 20. Qxg6 Rad8 21. Rad1 d5 22. cxd5 cxd5 23.
Ng3 $14 {1/2-1/2 Tukmakov,V-Delchev,A/Kastel Stari 1997/CBM 57 ext (39)}) 19.
Rad1 Qe7 20. Rd3 Rae8 21. Rh3 d5 22. cxd5 cxd5 23. Nc5 e4 24. Bxg7 Kxg7 (24...
Nxg7 $17) 25. Qd1 Rf6 26. g4 $1 $16 (26. Qxd5 b6 27. Na6 (27. Nxe4 Rxe6 28. f3
Qxb4 29. Rd1 $11) 27... Rxe6 $15 {0-1 Averkin,O-Zakharstov,V/Krasnodar 1998/
EXT 2000 (33)})) (16... Qb6 17. Qb3 d5 18. cxd5 cxd5 19. Bxd5 Ng4 20. Ne4 Rad8
21. Qg3 (21. Bc4 Rxf2 (21... Nxf2 22. Nc5) 22. Kh1 Rxb2 23. Qxb2 Rd4 {[%csl
Rc4,Re4,Rh1][%cal Gg4f2]} 24. h3 Rxe4 $19) 21... Nxf2 22. Nxf2 Rxd5 23. Re2
Qxe6 24. Rae1 Nc6 25. Nd3 $15 {[%csl Re5] 1/2-1/2 Ivanov,S-Avrukh,B/Beersheba
1998/EXT 99 (52)}) 17. Bd3 ({In case of} 17. cxd5 cxd5 18. Bc2 e4 {Black
leaves with advantage:} 19. Na4 b6 20. f3 exf3 21. Qxf3 Qd6 22. Rad1 Rac8 23.
Bb1 Rc4 24. Qg3 (24. Qb3 Ng4 25. g3 Rxb4 (25... b5 26. Bxg7 Kxg7 27. Nc5 {
0-1 Mista,A-Antoniewski,R/Trzebinia 1998/EXT 2000 (37)}) 26. Ba3 Rxb3 27. Bxd6
Rxb1 28. Rxb1 Bd4+ 29. Kh1 Rf2 $19) 24... Qxg3 25. hxg3 Ng4 $17) 17... e4 18.
Bf1 {[%csl Gc6,Gd5,Ge4,Re6] The opening variation result is in Black favour.
Black has strong PP centre, Pe6 will be captured in nearest future.} Qb6 19.
Rb1 Nh5 {[%csl Rf2][%cal Gb6f2]} 20. c5 {White protects Pf2, but Black Centre
becomes stronger.} Qc7 21. b5 Qf4 {[%csl Rf2]} 22. Re2 Qg5 {[%csl Re6,Rg1]
[%cal Gh5f4]} 23. Bc1 Qg4 24. bxc6 bxc6 25. Rb7 Qxe6 26. Qb3 Nf6 $19 {Black
eventually won the P on e6 and his position is winning.} 27. Bb2 Nf5 (27...
Rae8 $19) 28. Nxe4 Nxe4 29. Bxg7 Nxg7 30. f3 Kh8 $4 $11 ({Easily wins} 30...
Qf6 31. Rxe4 Ne6 $3 $19 {[%csl Rb3,Rb7,Rc5,Re4][%cal Ge6c5]}) 31. fxe4 Qf6 (
31... d4 $132) 32. Qf3 Qxf3 ({Worse is} 32... Qa1 $6 {in view of} 33. Rf7 Qd4+
(33... Ne6 $2 34. Rf2 Rxf7 (34... Qd4 35. Qf6+ Qxf6 36. R7xf6 Rxf6 37. Rxf6
Nxc5 38. exd5 cxd5 39. Rxg6 $16) 35. Qxf7 Rf8 36. Qxg6 Rxf2 37. Qxh6+ Kg8 38.
Kxf2 Kf7 39. Qh5+ Ke7 $14) 34. Qf2 Qxf2+ 35. Rexf2 Rxf7 36. Rxf7 dxe4 37. Rc7
Re8 38. Rxc6 e3 39. Be2 Ne6 40. Kf1 Kg7 $14) (32... Ne6 $1 33. Qxf6+ Rxf6 34.
exd5 Raf8 35. Re1 cxd5 $11) 33. gxf3 d4 $6 $14 ({Why not} 33... Rxf3 $5 34.
exd5 cxd5 35. Ree7 Nf5 36. Red7 Rc3 37. Rxd5 Rc1 38. Rdd7 $11) 34. Rc7 d3 $6
$16 (34... Rac8 $1 35. Rxa7 Rxf3 36. Rd2 $14) 35. Rg2 Ne6 (35... Rxf3 36. Rxg6
Raf8 37. Bxd3 Rxd3 38. Rgxg7 Rg8 39. Rxg8+ Kxg8 40. Rxc6 $18) 36. Rxc6 Nf4 37.
Rd2 Rac8 38. Rxc8 ({Not} 38. Ra6 $2 $11 Rxc5 (38... Rf7 39. c6 $16) 39. Rxa7
Rb8 40. Bxd3 Rd8 41. Ra3 Rc1+ 42. Kf2 g5 43. h4 Kg7 44. Rb3 Rh1 45. hxg5 hxg5
$44) 38... Rxc8 39. Kf2 Rxc5 40. Ke3 g5 41. Bxd3 Kg7 (41... Rc1 42. h4 Kg7 43.
hxg5 hxg5 44. Kd4 $16) 42. Rc2 Nxd3 (42... Rxc2 43. Bxc2 Kf6 44. Kd4 $18) (
42... Ra5 43. Rc7+ Kf6 44. Bc4 $18) 43. Kxd3 Ra5 44. Kd4 Ra4+ $6 $18 {It helps
to White to pick up his K to the Black's camp.} (44... Kf6 $142 45. h4 gxh4 (
45... Ra3 46. h5 Rxf3 47. Rc6+ Kg7 48. Rg6+ Kh7 49. a4 Rh3 50. Ke5 Rxh5 51. Kf6
Rh4 52. Rg7+ Kh8 53. e5 Rxa4 54. e6 $18) 46. Ke3 $16) (44... Ra3 $142 45. e5
$16) 45. Kd5 Ra5+ (45... Ra3 46. e5 $18) 46. Ke6 Ra3 47. e5 Rxf3 48. Ke7 g4 49.
e6 h5 50. Rd2 Re3 51. Kd7 Kf6 52. Rf2+ Kg7 53. e7 Rd3+ 54. Ke8 Rd5 55. a4 a5
56. Rf4 $22 Kg8 57. Rf7 Rd4 58. Rf5 Kg7 59. Rxh5 Rxa4 60. Rd5 Rb4 61. Kd7 Rb7+
62. Ke6 1-0